书目信息 |
| 题名: |
手把手教您用FoxPro管理数据库
|
|
| 作者: | 牛允鹏 主编 | |
| 分册: | ||
| 出版信息: | 北京 电子工业出版社 1997.08 |
|
| 页数: | 188页 | |
| 开本: | 26cm | |
| 丛书名: | ||
| 单 册: | ||
| 中图分类: | TP392 | |
| 科图分类: | ||
| 主题词: | 计算机应用 | |
| 电子资源: | ||
| ISBN: | 7-5053-4248-7 | |
| 000 | 00585nam0 2200193 450 | |
| 001 | 0832932407 | |
| 005 | 20080109091122.11 | |
| 010 | @a7-5053-4248-7@dCNY16.00 | |
| 100 | @a20080109d1997 km y0chiy0120 ea | |
| 101 | 0 | @achi |
| 102 | @aCN@b110000 | |
| 200 | 1 | @a手把手教您用FoxPro管理数据库@Ashou ba shou jiao nin yong FoxPro guan li shu ju ku@f牛允鹏主编@Fniu yun peng zhu bian |
| 210 | @a北京@c电子工业出版社@d1997.08 | |
| 215 | @a188页@d26cm | |
| 606 | 0 | @a计算机应用 |
| 690 | @aTP392@v4 | |
| 701 | 0 | @a牛允鹏@Aniu yun peng@4主编 |
| 801 | 0 | @aCN@bPFT@c20080109 |
| 905 | @aBZT@dTP392@e6 | |
| 手把手教您用FoxPro管理数据库/牛允鹏主编.-北京:电子工业出版社,1997.08 |
| 188页;26cm |
| ISBN 7-5053-4248-7:CNY16.00 |
| ● |
| 相关链接 |
|
|
|
正题名:手把手教您用FoxPro管理数据库
索取号:TP392/6
 
预约/预借
| 序号 | 登录号 | 条形码 | 馆藏地/架位号 | 状态 | 备注 |
| 1 | 15875 | 220004152 | 中心书库中库/ 中库026架B面6列1层17/ [索取号:TP392/6] | 在馆 |